| 000 | 00721nam 22002293 4500 | ||
|---|---|---|---|
| 001 | 200156 | ||
| 010 | _a972-662-506-8 | ||
| 021 |
_aPT _b104473/96 |
||
| 090 | _a200156 | ||
| 100 | _a20260123d u||y0pory50 ba | ||
| 200 |
_aA mais bela história do mundo : os segredos das nossas origens _fHubert Reeves... [et al.] _gtradução Jorge Branco |
||
| 205 | _a1ª | ||
| 210 |
_aLisboa _cGradiva _d1996 |
||
| 215 |
_a141 p. _cbrochado _d21 cm |
||
| 225 |
_aCiência aberta _h82 |
||
| 606 |
_aBiologia. Ciências biológicas no geral _994 |
||
| 675 |
_a573 _vPT _zpor |
||
| 701 |
_915585 _aReeves _bHubert _f1932-2023 |
||
| 702 |
_912537 _aBranco _bJorge Freitas _f1952- |
||
| 801 |
_aPT _bBMMN _gRPC |
||
| 830 | _cVanda | ||
| 990 | _cLIVROS | ||